000 00525nam a2200193Ia 4500
005 20250326141143.0
008 250326s9999 xx 000 0 und d
020 _a0-7450-0988-3
037 _aTextbook
040 _aFMSL
_beng
_cFMSL
041 _aeng
_2eng
084 _aX8(A) N1
_qFMSL
100 _aWeiss L W
_9736653
245 0 _aStructure conduct and performance
_cWeiss L W
260 _aNew York
_bNew York, Harvester
_c1991
300 _a452p
942 _cTB
_hX8(A) N1
999 _c1288956
_d1288956